| 000 | 00861nam a22002177a 4500 | ||
|---|---|---|---|
| 999 |
_c2477 _d2477 |
||
| 003 | AR-CdUCM | ||
| 008 | 190304b ||||| |||| 00| 0 spa d | ||
| 040 |
_aMUNICIPALIDAD PROVINCIAL DEL CUSCO _cBIBLIOTECA MUNICIPAL DEL CUSCO |
||
| 082 |
_a364.106 / _bR81 |
||
| 100 |
_aRomano, Salvatore Franceso _98839 |
||
| 245 | _aHistoria de la mafia / | ||
| 260 |
_aMadrid : _bAlianza, _c1970. |
||
| 300 |
_a304 páginas ; _c18 cm. |
||
| 505 | _aContenido: El gran tío: mis recuerdos sobre la mafia -- Los origenes del espiritu y de la estructura de la mafia -- Nacimiento, desarrollo y poder de la mafia -- De la mafia vieja a la mafia nueva -- ¿ A donde va la mafia ?. | ||
| 650 |
_aCrimen organizado _98787 |
||
| 650 |
_aMiseria _98840 |
||
| 650 |
_aDotes de bravura _98841 |
||
| 700 |
_aAbásolo, Javier (traductor) _98842 |
||
| 942 |
_2ddc _cLIBROS |
||
| 945 | _aafb | ||